000 00272nam a2200109Ia 4500
008 200302s9999 xx 000 0 und d
100 _aJutta Jain - Neubauer
245 _aWater design environment and histories
260 _bMarg Foundation
260 _c2016
300 _a141
999 _c6326
_d6326